000 00462nam a2200193Ia 4500
005 20240823022009.0
008 240823s9999||||xx |||||||||||||| ||und||
020 _a81-7224-526-2
041 _aENGLISH
082 _A658.15 P5
100 _aChatterjee B K
245 0 _aFinance for Non-Finance Managers
250 _a4th
260 _c2005
_b"Jaico,B"
_aMumbai
500 _aYES
650 _aFinance
_bManagement Studies
942 _cBK
999 _c178159
_d178159